Lecciones sobre el proceso penal

Uloženo v:
Podrobná bibliografie
Hlavní autor: Carnelutti, Francesco (Autor)
Médium: Kniha
Jazyk:španělština
Vydáno: Buenos Aires EJEA 1950
Edice:Ciencia del Derecho, 7-8-9-10
Témata:
Tagy: Přidat tag
Žádné tagy, Buďte první, kdo vytvoří štítek k tomuto záznamu!

MARC

LEADER 00000nam a2200000 a 4500
001 UCS1242
003 CL-VaPUC
008 970509e19500000AG |||||||||||||||||spa|d
082 0 4 |a 345.05  |b CAR  |2 21 
100 0 |a Carnelutti, Francesco  |e author  |9 384867 
245 1 0 |a Lecciones sobre el proceso penal 
300 |a 4 v 
942 |c BK 
945 |d 19970509 00:00:00  |a paguirre 
260 |a Buenos Aires  |b EJEA  |c 1950 
650 0 |a Derecho procesal penal   |9 256392 
650 0 |a Procedimiento penal  |9 254974 
650 0 |a Delitos  |9 224143 
650 0 |a Prevención del delito  |9 322994 
650 0 |a Penas   |9 255927 
650 0 |a Actos procesales  |9 336544 
650 0 |a Acción penal  |9 254970 
650 0 |a Prueba  |9 256247 
583 |a last modification  |c 19970509 00:00:00  |k Rodrigo Vera 
490 0 |a Ciencia del Derecho, 7-8-9-10 
999 |c 259342  |d 259340 
952 |0 0  |1 0  |4 0  |6 345_050000000000000_CAR_1950  |7 0  |8 A  |9 284025  |a BIBDER  |b BIBDER  |d 2019-11-19  |h v.1  |i 1843052  |o 345.05 CAR 1950  |p 1843052  |r 2023-01-25  |w 2019-11-19  |y BK  |k DER 
952 |0 0  |1 0  |4 0  |6 345_050000000000000_CAR_1950  |7 0  |8 A  |9 284026  |a BIBDER  |b BIBDER  |d 2019-11-19  |h v.2  |i 1843060  |o 345.05 CAR 1950  |p 1843060  |r 2023-01-25  |w 2019-11-19  |y BK  |k DER 
952 |0 0  |1 0  |4 0  |6 345_050000000000000_CAR_1950  |7 0  |8 A  |9 284027  |a BIBDER  |b BIBDER  |d 2019-11-19  |h v.3  |i 1843079  |o 345.05 CAR 1950  |p 1843079  |r 2023-01-25  |w 2019-11-19  |y BK  |k DER 
952 |0 0  |1 0  |4 0  |6 345_050000000000000_CAR_1950  |7 0  |8 A  |9 284028  |a BIBDER  |b BIBDER  |d 2019-11-19  |h v.4  |i 1843087  |o 345.05 CAR 1950  |p 1843087  |r 2023-01-25  |w 2019-11-19  |y BK  |k DER